000 00434pab a2200169 454500
008 180718b2002 xxu||||| |||| 00| 0 eng d
100 _aKlein, Uta
245 _aThe gender perspective of civil-military relations in Israeli society
260 _c2002
300 _ap.669-86.
362 _aSep
650 _aIsrael - Armed forces
650 _aWomen - Israel
650 _aWomen
773 _aCurrent Sociology
909 _a54271
999 _c54271
_d54271